Caucasus Survey.

محفوظ في:

التنسيق: دورية

اللغة: Undetermined

الموضوعات:

الوصول للمادة أونلاين: Login to view Source

الوسوم: إضافة وسم

لا توجد وسوم, كن أول من يضع وسما على هذه التسجيلة!

رقم الطلب:

LEADER 00548nms a2200181Ia 4500
005 20240402051127.0
008 240131s9999||||xx |||||||||||||||||und||
999 |c 56352  |d 56352 
022 |a 2376-1199 
022 |a 2376-1202 
245 0 0 |a Caucasus Survey. 
336 |2 rdacontent  |a text  |b txt 
337 |2 rdamedia  |a unmediated  |b n 
338 |2 rdacarrier  |a volume  |b n 
500 |a 2022 new acquired journal transferred from Taylor & Francis. 
650 4 |a Asian history. 
856 |z CASU  |u https://brill.com/view/journals/casu/casu-overview.xml 
942 |2 lcc  |c EJL